01134nam a2200145la 450000500170000000800370001702000180005408200180007210000210009024500600011126000350017130000140020652007440022065000240096420250808130022.0250808s9999 xx 000 0 und d a9780070079786 a512.9434bBRO aBronson, Richard 0aSchaum's Outline of Matrix OperationscBronson, Richard bMcGraw Hill Professionalc1988 a246 pages aConfusing Textbooks? Missed Lectures? Not Enough Time? Fortunately for you, there's Schaum's. More than 40 million students have trusted Schaum's Outlines to help them succeed in the classroom and on exams. Schaum's is the key to faster learning and higher grades in every subject. Each Outline presents all the essential course information in an easy-to-follow, topic-by-topic format. In Schaum's foreign language outlines, you'll get hundreds of examples, helpful usage explanations, and practice exercises to test your skills. Fully compatible with your classroom text, Schaum's highlights all the important facts you need to know. Use Schaum's to shorten your study time-and get your best test scores! Schaum's Outlines-Problem Solved. aJuvenile Nonfiction